Monopol a konkurencia na socialistickom trhu

Salvato in:
Dettagli Bibliografici
Autore principale: Jirges, Miloslav
Altri autori: Korbačka, Teodor
Natura: Libro
Lingua:slovacco
Pubblicazione: Bratislava Vydavateľstvo politickej literatúry 1968
Tags: Aggiungi Tag
Nessun Tag, puoi essere il primo ad aggiungerne!!

MARC

LEADER 00000nam a2200000 4500
001 c130355
005 20041019155249.2
041 0 |a slo 
044 |a SK 
245 1 0 |a Monopol a konkurencia na socialistickom trhu  |c Miloslav Jirges, Teodor Korbačka 
264 1 |a Bratislava  |b Vydavateľstvo politickej literatúry  |c 1968 
300 |a 106 s. 
100 1 |a Jirges, Miloslav 
700 1 |a Korbačka, Teodor